Language Quiz

Random Language or Letter Quiz
Score 0/30 Timer 06:00
0 Plays Today
RANK WORD % Correct
2THOSE
84.1%
8WHOSE
84.1%
16STORE
78.3%
1ABOUT
75.4%
26STONE
75.4%
10SHORT
69.6%
6ALONG
66.7%
11FLOOR
66.7%
15BLOOD
65.2%
19PROVE
63.8%
24ALONE
63.8%
27CROWD
63.8%
5AMONG
62.3%
14SPORT
62.3%
4STORY
60.9%
RANK WORD % Correct
7WHOLE
59.4%
12CLOSE
59.4%
17SHOOT
58%
22SCORE
58%
23FRONT
58%
13WRONG
56.5%
20ABOVE
56.5%
25TROOP
55.1%
3GROUP
53.6%
28BLOCK
53.6%
30BROAD
53.6%
18STOCK
52.2%
29CROSS
52.2%
9PHONE
46.4%
21AVOID
36.2%

You're not logged in!

Compare scores with friends on all Sporcle quizzes.
OR
Log In

Sporcle TV

Today on Sporcle TV


Watch our educational content, quiz creation guides, and fun videos on Sporcle TV.

Show Comments

Extras

Created Mar 2, 2017ReportNominate
Tags:Letter Quiz, common

Top Quizzes Today


Score Distribution

Paid Content

Your Account Isn't Verified!

In order to create a playlist on Sporcle, you need to verify the email address you used during registration. Go to your Sporcle Settings to finish the process.

Report this User

Report this user for behavior that violates our Community Guidelines.

Details: